| 000 | 00691nam a2200217Ia 4500 | ||
|---|---|---|---|
| 003 | OSt | ||
| 005 | 20260123104321.0 | ||
| 008 | 210716s1988 xx 000 0 und d | ||
| 020 | _a803929617 | ||
| 040 | _cAIMIT LIBRARY | ||
| 041 | _aeng | ||
| 082 |
_a301.0724 _21 _bHANR |
||
| 100 |
_aHanneman, Robert A. _9252330 |
||
| 245 |
_aComputer assisted theory building : _bmodeling dynamic social systems / _cBy Robert A Hanneman. |
||
| 250 | _a1st ed. | ||
| 260 |
_aNew Delhi : _bSage Publications , _c1988. |
||
| 300 |
_a343p. ; _bHB _c22.8 cm |
||
| 650 |
_aThe dynamics of simple systems _9252331 |
||
| 650 |
_aComplex action and interaction _9252332 |
||
| 942 |
_2ddc _cBK _e1st _k301 0724 HANR |
||
| 999 |
_c181137 _d181137 |
||